000 00997nac a22002891u 4500
010 _a 96028138
020 _a0135052645 (hardcover)
082 0 0 _a330.9
_bBER
090 _c6186
_d6186
100 _aBerry, Brian Joe Loble
245 1 4 _aThe global economy in transition /
_cBrian J.L. Berry, Edgar C. Conkling, D. Michael Ray.
250 _a2nd ed.
260 _aUpper Saddle River, N.J. :
_bPrentice Hall,1997
_cc1997.
300 _axiii, 498 p. :
_bill., maps ;
_c29 cm.
500 _aRev. ed. of: The global economy. 1993.
500 _adistributer: Al-Ahram
504 _aIncludes bibliographical references and index.
511 _acatalogued by: wessam
650 0 _aEconomic geography.
650 0 _aNatural resources.
650 0 _aIndustrial location.
650 0 _aInternational trade.
700 1 _aConkling, Edgar C.
700 1 _aRay, D. Michael
_q(David Michael),
_d1935-
740 0 2 _aGlobal economy.
942 _cBB
_k330.9BER
999 _c6186
_d6186